000 00470nam a2200157 i 4500
001 32908
003 ES-MaACL
005 20230906154648.0
007 t|
008 030131s1912 sp ||||1| spa d
100 1 _aBenlloch Giner, Nicasio.
_927721
245 1 4 _aLos accidentes grávido-cardíacos /
_cNicasio Benlloch Giner.
260 _aValencia :
_b[s.n.,
_c1912] (
_fImprenta de Antonio López y Cía)
502 _aTesis doctoral.
852 _aES-MaACL
_jT-1366-F-12
999 _c32908
_d32908